000 00405nam a2200145Ia 4500
008 230917s9999||||xx |||||||||||||| ||und||
040 _e74685
_aMAIN
041 _aEnglish
082 _a338.6 J713P
100 _aJones, Derek C, ed
245 0 _aParticipatory and self-managed firms: evaluating economic performance
260 _aLexington
_bLexington Books
_c1982
300 _avii, 358 p.
942 _cBK
999 _c39500
_d39500